| 000 | 01126nam a2200241Ia 4500 | ||
|---|---|---|---|
| 003 | OSt | ||
| 005 | 20231006194836.0 | ||
| 008 | 191128s1998 ck a gr 000 j spa d | ||
| 020 | _a9580439273 | ||
| 040 |
_aCO-JMCR _cCO-JMCR |
||
| 041 | _aspa | ||
| 082 | 0 | 4 |
_aC / _bWOLs |
| 100 |
_aWolf, Ema, _d1948 _eautor _95511 |
||
| 245 | 0 |
_a¡Silencio, niños! Y otros cuentos / _cEma Wolf ; ilustraciones por Pez |
|
| 260 |
_aBogotá : _bNorma, _c1998 |
||
| 300 |
_a116 páginas : _bilustraciones a color ; _c19 cm. |
||
| 490 | _aTorre de papel. Torre azul | ||
| 500 | _aRecomendado a partir de 9 años. | ||
| 505 | _a¡Silencio, niños! -- El rey que no quería bañarse -- Lupertius se enoja los jueves -- Gervasio, el hombre bala -- El encuentro del caballero resfriado --Walter Ramírez y el ratón nipón -- Dientes | ||
| 520 | _a¡Silencio, niños! Encabeza un grupo de cuentos sivertidos por donde circulan personbajes más bien raros: un hombre-bala, un náufrago exigente, un gato ladrón de pizzas, un rey que no quería bañarse, un caballero resfriado. | ||
| 650 |
_aCuentos infantiles _95512 |
||
| 942 |
_2ddc _cBK |
||
| 999 |
_c4394 _d4394 |
||